000 00600nam a2200229Ia 4500
003 OSt
005 20221005122432.0
006 a|||||r|||| 00| 0
007 ta
008 221004b |||||||| |||| 00| 0 eng d
024 _a33343
037 _cTextual
040 _aCRL
_cCRL
_beng
041 _2eng
_aeng
082 _aO:1J73:9, J8-;1
100 _aCoffin Charles Monroe
_9631981
245 0 _aJohn Donne and the new philosophy
260 _c1958
650 _aENGLISH LITERATURE
942 _hO:1J73:9, J8-;1
_cTEXL
_2cc
999 _c1044287
_d1044287